| 000 | 00514nam a22001577a 4500 | ||
|---|---|---|---|
| 005 | 20260119163039.0 | ||
| 008 | 260119b |||||||| |||| 00| 0 eng d | ||
| 020 | _a978-0-8341-2247-2 | ||
| 100 | _aVARUGHESE, ALEX | ||
| 245 |
_aDISCOVERING THE BIBLE _bSTORY AND FAITH OF THE BIBLICAL COMMUNITIES |
||
| 260 |
_aKANSA CITY _bBEACON HILL PRESS _c2006 |
||
| 300 | _a464P. | ||
| 500 | _aINCLUDES BIBLIOGRAPHICAL REFERENCES AND INDEX | ||
| 650 | _a1. BIBLE - TEXTBOOKS 2. BIBLE -STUDY AND TEACHING | ||
| 942 |
_2lcc _cBK |
||
| 999 |
_c216487 _d216487 |
||